| 000 | 00793cam a2200217 4500 | ||
|---|---|---|---|
| 001 | 3076 | ||
| 005 | 20181127170432.0 | ||
| 008 | 010312s2002 njua b 001 0 eng | ||
| 010 | _a 2001021568 | ||
| 020 | _a013041364x | ||
| 100 | 1 | _aGeorge, Jennifer M. | |
| 245 | 1 | 0 |
_aUnderstanding and managing organizational behavior / _cJennifer M. George, Gareth R. Jones. |
| 250 | _a3rd ed. | ||
| 260 |
_aUpper Saddle River, N.J. : _bPrentice Hall, _cc2002. |
||
| 300 |
_axiii, 728 p. : _bcol. ill. ; _c27 cm. |
||
| 500 | _aA variety of multi-media instructional materials are available to supplement the text. | ||
| 504 | _aIncludes bibliographical references (p. 689-715) and indexes. | ||
| 650 | 0 | _aOrganizational behavior. | |
| 650 | 0 | _aOrganizational effectiveness. | |
| 700 | 1 | _aJones, Gareth R. | |
| 999 |
_c2477 _d2477 |
||